Famous Movie Quotes #1 - Statistics

General Stats
  • This quiz has been taken 402 times
  • The average score is 7 of 10
Answer Stats
Quote Actor Film % Correct
"May the Force be with you." Harrison Ford/Others Star Wars
97%
"The first rule of Fight Club is: You do not talk about Fight Club." Brad Pitt Fight Club
91%
"Toto, I've a feeling we're not in Kansas anymore." Judy Garland The Wizard of Oz
88%
"I'm going to make him an offer he can't refuse." Marlon Brando/Others The Godfather
77%
"You're gonna need a bigger boat." Roy Scheider Jaws
75%
"There's no place like home." Judy Garland The Wizard of Oz
75%
"You talkin' to me?" Robert Deniro Taxi Driver
61%
"Frankly, my dear, I don't give a damn." Clark Gable Gone With the Wind
58%
"Here's looking at you, kid." Humphrey Bogart Casablanca
57%
"Of all the gin joints in all the towns in all the world, she walks into mine." Humphrey Bogart Casablanca
49%
No matching quizzes found
Score Distribution
Percent of People with Each Score
Percentile by Number Answered
Your Score History
You have not taken this quiz